| 000 | 01601nam a2200289Ia 4500 | ||
|---|---|---|---|
| 001 | D4329 | ||
| 003 | IT-RoPAU | ||
| 008 | 130308s9999 xx 000 0 und d | ||
| 040 | _aIT-RoPAU | ||
| 040 | _cIT-RoPAU | ||
| 041 | _aFRANCESE | ||
| 100 | _aWalter Henriette | ||
| 100 | _gCodice Aut. SPICS: 546 | ||
| 245 | _aAventure des langues en occident (L'). Leur origine, leur histoire , leur geographie | ||
| 245 | _bAventure des Langues En Occident (L'). Leur Origine, Leur Histoire, Leur Geographie | ||
| 250 | _a1a ed. | ||
| 260 | _aPARIS | ||
| 260 | _bLaffont Robert | ||
| 260 | _c1994 [1° Ed.:1994 - Ed.Ling.Originale:1994] | ||
| 300 | _a"500 p. (prefazione: no ; testo: 500)" | ||
| 500 | _aAvventura delle Lingue in Occidente: Loro Origine, Storia e Geografia. Prefazione di Andre' Martinet. Grandi Zone Linguistiche e Filo Conduttore del Libro. Origini Lontane: Ceppo Comune Indoeuropeo, scoperte Archeologiche, ripartizione delle Lingue Attuali. Lingua Greca: Evoluzione dell'Alfabeto, Traslitterazione del Greco, Dall'Alfabeto Greco All'Alfabeto Latino, Dialetti della Grecia Arcaica, radici Greche e Lingua Greca nel Mondo. Lingue Celtiche: Irlandese, Gaelico, Cornico, Gallese, Bretone. Lingue Nate dal Latino: Italiano, Spagnolo, portoghese e Francese. Lingue Germaniche: tavole delle principali Lingue Germaniche Attuali, Tedesco del Nord, Danese, Tedesco dell'Ovest, Lussemburghese, Olandese, Inglese. Bibliografia. Cronologia delle Lingue. | ||
| 650 | _aSAGGI DI LINGUISTICA | ||
| 650 | _eCodice materia Spics: 3207 | ||
| 942 | _cBK | ||
| 957 | _71 | ||
| 999 |
_c87889 _d87889 |
||
| 999 | _g1 | ||